Ancient Greek Dialects - Map Quiz - Statistics

General Stats
  • This quiz has been taken 332 times
  • The average score is 4 of 7
Answers on the Map
Answers color-coded by a green-red scale on the quiz's map according to % correct below.
 
Answer Stats
Answer % Correct
Arcado-Cypriot
74%
Attic
74%
Ionic
60%
Doric
55%
Northwest Doric
50%
Achaean Doric
49%
Aeolic
37%
No matching quizzes found
Score Distribution
Percent of People with Each Score
Percentile by Number Answered
Your Score History
You have not taken this quiz